000 00454nam a2200193Ia 4500
008 210210b2011 xxu||||| |||| 00| 0 eng d
020 _a9788131604465
041 _aeng
082 _a362.83 MADW
100 _aMADHAVI (G)
245 _aWomens welfare programmes
260 _aJaipur
_bRawat Publications
_c2011
300 _a208
650 _aWomens
650 _awelfare
650 _aprogrammes
690 _aSocial Welfare
906 _a066552
999 _c147892
_d147892